Human blastogenesis : (Record no. 31959)
[ view plain ]
| 000 -LEADER | |
|---|---|
| fixed length control field | 00688cam0a220019300 4500 |
| 005 - DATE AND TIME OF LATEST TRANSACTION | |
| control field | 20190814095917.0 |
| 008 - FIXED-LENGTH DATA ELEMENTS--GENERAL INFORMATION | |
| fixed length control field | 040609 |
| 020 ## - INTERNATIONAL STANDARD BOOK NUMBER | |
| International Standard Book Number | 3805546289 |
| 035 ## - SYSTEM CONTROL NUMBER | |
| System control number | (Sirsi) a147041 |
| 050 #0 - LIBRARY OF CONGRESS CALL NUMBER | |
| Classification number | QM611 |
| Item number | VOG 1987 |
| 100 1# - MAIN ENTRY--PERSONAL NAME | |
| Personal name | Vogler, Hendrik |
| Linkage | A117724.1 |
| 245 10 - TITLE STATEMENT | |
| Title | Human blastogenesis : |
| Remainder of title | formation of the extraembryonic cavities / |
| Statement of responsibility, etc. | Hendrik Vogler. |
| 260 ## - PUBLICATION, DISTRIBUTION, ETC. | |
| Place of publication, distribution, etc. | Basel: |
| Name of publisher, distributor, etc. | Karger, |
| Date of publication, distribution, etc. | 1987. |
| 350 ## - PRICE (NR) (BK AM CF MU VM SE) [OBSOLETE] | |
| Price | 25 |
| 440 #0 - SERIES STATEMENT/ADDED ENTRY--TITLE | |
| Title | Bibliotheca anatomica |
| Volume/sequential designation | vol. 30 |
| Linkage | S4778.1 |
| 500 ## - GENERAL NOTE | |
| General note | Revised version of author's thesis (doctoral): Ruhr-Universitat Bochum, 1984 |
| 504 ## - BIBLIOGRAPHY, ETC. NOTE | |
| Bibliography, etc. note | Includes bibliographical references and index |
| 650 #0 - SUBJECT ADDED ENTRY--TOPICAL TERM | |
| Topical term or geographic name entry element | Human blastogenesis |
| Linkage | S88256.1 |
| Withdrawn status | Lost status | Source of classification or shelving scheme | Damaged status | Not for loan | Home library | Current library | Shelving location | Total Checkouts | Full call number | Barcode | Date last seen | Copy number | Price effective from | Koha item type |
|---|---|---|---|---|---|---|---|---|---|---|---|---|---|---|
| Library of Congress Classification | Medical Library | Medical Library | On Shelf | QM611 VOG 1987 | 33729000413679 | 08/13/2019 | 1 | 08/13/2019 | Book |